000 00310nam a2200121Ia 4500
008 240719s9999 xx 000 0 und d
041 _aeng
082 _a813.54 SPA
100 _aSparks, Nicholas
245 _aWalk To Remember
260 _aNew York
_bGrand Central Publishing,
_c1999
300 _a193.; P. 22 Cm
999 _c41298
_d41298